000 00565nam a2200193Ia 4500
008 151119s9999||||xx |||||||||||||| ||und||
082 _a891.462
082 _bGKKV7754
100 _aमराठे बाबुराव
245 _aसंगीत शिवकंकण
260 _a--
260 _b--
260 _c1973
600 _aमराठे बाबुराव
630 _aसंगीत शिवकंकण
700 _aमराठे बाबुराव
730 _aसंगीत शिवकंकण
942 _cBOOK
999 _c1062352
_d1062349